000 00993nam a2200253 a 4500
001 adlib96000001
003 ViArRB
005 200902210153555.7
008 960221s1955 dcuabcdjdbkoqu001 0deng d
020 _a
022 _a
040 _aAdlib
082 _a547.944.1
245 _aStudies on microbial transformation of alkaloids: Strychnine and -2 Nitrostrychnine
250 _a
260 _aCochin
_b
_c
300 _a190p.
_c
500 _a Thesis(Ph.D) University of Cochin, 1988. Guide: Dr.P Madhavan Pillai
100 _aSharma, N Ramachandra
_e
700 _a
_a
942 _cREF
653 _aOrganic chemistry
_aPolyaldehydes
_aChemistry
_aSpectroscopy
_aBiochemistry
_aSpectrum analysis
_aAcids
_aBases- chemistry
_aPhysical science
_aScience
_aChemistry
_aSpectroscopy
_aBiochemistry
_aSpectrum analysis
_aAcids
_aBases- chemistry
_aPhysical science
_aScience
952 _w2010-06-16
_pG0003913
_r2010-06-16
_40
_00
_bUL
_10
_o547.944.1 RAM T
_d2010-06-16
_70
_yREF
_aUL
999 _c15836
_d15835